Bandeiras Derpartamento Uruguaios - Statistics

Estatísticas Gerais
  • Esse quiz foi jogado 60 vezes
  • A pontuação média é 15 de 18
Estatísticas das Respostas
Imagem Resposta % Correto
Rivera
100%
Salto
100%
Tacuarembo
100%
Rocha
94%
Flores
89%
Florida
89%
Lavalleja
89%
Cerro Largo
83%
Maldonado
83%
Paysandu
83%
Artigas
78%
Canelones
78%
Colonia
78%
Durazno
78%
Rio Negro
78%
San José
72%
Treinta y tres
67%
Soriano
61%
Nenhum quiz correspondente encontrado
Distribuição das Pontuações
Porcentagem de Pessoas com Cada Pontuação
Percentil de Números Respondidos
Sua Pontuação Histórica
Você não jogou esse quiz